000 00411 a2200145 4500
005 20250619064318.0
020 _a0-07-146155-8
082 _a658.4 BRA
100 _aBRACHE, A. P
245 _aHow to Transform Strategic Initiative into Blockbiuster Result
260 _aNew York,
_bMc Graw Hill,
_c2006.
300 _axi,191p.; ill.; figure, table
_bIndex
_c23cm
700 _aBODLEY-SCOTT, S.
942 _2ddc
_cBKS
999 _c4341
_d4341